000 00814nam a2200253 i 4500
003 DO-SdBNP
005 20250610113700.0
007 ta
008 230814e1996 dr a|||| |||| 00| 0 spa d
020 _a9706420851
040 _aDO-SdBNP
_bspa
_cBNPHU
_erda
082 4 _axxx
_bG216L
_222
100 _aGarcía Escobar, Obdulia de,
_eautor
_4aut.
_984681
245 1 0 _aLectura 1 /
_cObdulia García de Escobar
264 1 _aSanto Domingo :
_bSantillana,
_c1996.
300 _a96 páginas :
_bIlustraciones ;
_c29 cm.
336 _atexto
_btxt
_2rdacontent
337 _asin mediación
_bn
_2rdamedia
338 _avolumen
_bnc
_2rdacarrier
590 _aInventariado 2023 / DG
710 1 _aRepública Dominicana.
_bSecretaría de Estado de Educación, Bellas Artes y Cultos
_923965
910 _aDG
942 _2ddc
_cLBS1
999 _c55601
_d55601